Savivarg prabandh ave aodhogy sambandh (Record no. 1377903)

MARC details
000 -LEADER
fixed length control field 00502nam a2200181Ia 4500
005 - DATE AND TIME OF LATEST TRANSACTION
control field 20250508162647.0
008 - FIXED-LENGTH DATA ELEMENTS--GENERAL INFORMATION
fixed length control field 008 250505s9999 xx 000 0 hin d
037 ## - SOURCE OF ACQUISITION
Stock number Textual
040 ## - CATALOGING SOURCE
Original cataloging agency FEDL
Language of cataloging eng
Transcribing agency FEDL
041 ## - LANGUAGE CODE
Language code of text/sound track or separate title hin
Source of code hin
084 ## - COLON CLASSIFICATION NUMBER
Classification number 650, MAM
Assigning agency FEDL
100 ## - MAIN ENTRY--PERSONAL NAME
Personal name Momoriya Chaturbhuj
9 (RLIN) 773728
245 #0 - TITLE STATEMENT
Title Savivarg prabandh ave aodhogy sambandh
260 ## - PUBLICATION, DISTRIBUTION, ETC.
Place of publication, distribution, etc. Agra, India
Name of publisher, distributor, etc. Sahitya Bhavan
Date of publication, distribution, etc. 1984
300 ## - PHYSICAL DESCRIPTION
Extent 844p.
942 ## - ADDED ENTRY ELEMENTS (KOHA)
Koha item type Textual
Classification part 650, MAM
Holdings
Withdrawn status Lost status Damaged status Not for loan Home library Current library Date acquired Total Checkouts Full call number Barcode Date last seen Price effective from Koha item type
        Department of Education Library Department of Education Library 2025-05-08   650, MAM EL0070464 2025-05-08 2025-05-08 Textual
Copyright @ Delhi University Library System